LEADER 01136nam a2200289 4500 001 000000348847 003 CaOOAMICUS 005 20211220112946.0 008 211209s1995 it 000 u ita r 020 $a88-04-40087-0 040 $aSeMil$bita 100 1 $aBarbero, Alessandro,$d<1959- >.$0(OLS)http://semarc/name/89980 245 10$aBella vita e guerre altrui di Mr. Pyle, gentiluomo :$bromanzo /$cAlessandro Barbero. 250 $a2. ed 264 1$aMilano :$bMondadori,$c1995. 300 $a653 p. ;$c23 cm 490 1 $aScrittori italiani 541 0 $aOmaggio card. Angelo Scola (1A III 223) 830 0$aScrittori italiani.$0(OLS)http://semarc/title/6775 850 $aSeMil 852 $aSeMil$W1$xVenegono$y1$m1A III 223$j230801$B239943$CSeMilBibl$Z2$F239943 $81 941 1 $a6 961 $aOmaggio card. Angelo Scola 996 $6020$a88-04-40087-0$9(OLS)http://semarc/number/294842 996 $6245$aBella vita e guerre altrui di Mr. Pyle, gentiluomo :$bromanzo$9(OLS)http://semarc/title/438334 996 $6264$aMilano :$bMondadori$9(OLS)http://semarc/publisher/30335 LEADER 01006nam a2200241 i 4500 001 000000035736 003 CaOOAMICUS 005 20070227000000.0 008 070227s1989 it u000 u ita u 013 $a4284 040 $aSeMil$bita 245 14$aGli antenati di Cristo /$cNote sul restauro di Fabrizio Mancinelli. 300 $a245 p. :$briccamente ill. 500 $aIn custodia. 700 1 $aColalucci, Gianluigi,$d<1929-2021>.$0(OLS)http://semarc/name/7928 700 1 $aMancinelli, Fabrizio.$0(OLS)http://semarc/name/16722 700 1 $aOkamura, Takashi.$0(OLS)http://semarc/name/7929 700 1 $aHartt, Frederick.$0(OLS)http://semarc/name/7927 773 0 $aBuonarroti, Michelangelo <1475-1564>$tCappella Sistina.$dMilano : Rizzoli, copyr. 1989-[1990]?.$z88-17-25802-4$gVolume2$w()17343 850 $aSeMil 852 $aSeMil$W1$xVenegono$y1$m5L XII 9$j1891$B1891$CSeMilBibl$Z2$F1891 $8I 961 $aRecupero: Altro 996 $6245$aGli antenati di Cristo$9(OLS)http://semarc/title/49121